| 000 | 00521nam a2200181 a 4500 | ||
|---|---|---|---|
| 005 | 20240611063718.0 | ||
| 008 | 991125s1945 mx 000 0 spa u | ||
| 035 | _aUPN01000026386 | ||
| 049 | _aLT | ||
| 050 | 4 |
_aLB1577 M6.2 _bM3.3 1945 |
|
| 100 | 1 |
_aMarín, Emilio _929130 |
|
| 245 | 1 | 0 |
_aGramática española : _bsegundo grado / _cEmilio Marín. |
| 250 | _a16a ed. | ||
| 260 |
_aMéxico : _bProgreso, _c1945. |
||
| 300 |
_a212 p. : _bil. |
||
| 650 | 4 |
_aEspañol _xGramática _xEstudio y enseñanza _99372 |
|
| 905 | _aLibro | ||
| 999 |
_c26386 _d26386 |
||